| 000 | 00697nam a2200205 i 4500 | ||
|---|---|---|---|
| 001 | 39900 | ||
| 003 | ES-MaACL | ||
| 005 | 20250804063357.0 | ||
| 007 | t| | ||
| 008 | 030304s1968 sp ||||1| cat d | ||
| 100 | 1 |
_aCandel, Francisco, _d1925-2007 _934448 |
|
| 245 | 1 | 0 |
_aTrenta mil pessetes per un home, i altres narracions / _cFrancesc Candel ; traducció de Ramón Folch i Camarasa. |
| 250 | _a[1ª ed.]. | ||
| 260 |
_aMadrid, etc. : _bAlfaguara, _c[1968] |
||
| 300 |
_a239 p. ; _c21 cm. |
||
| 700 | 1 |
_aFolch i Camarasa, Ramon, _d1926- _951450 |
|
| 740 | 0 | _a30000 mil pessetes per un home, i altres narracions. | |
| 852 |
_aES-MaACL _jC-36960 _bR.68332 |
||
| 999 |
_c39900 _d39900 |
||